000 00412nam a2200145Ia 4500
008 100122s9999 xx 000 0 und d
082 _b34237
_a823.08
100 _aकापडी विजय
245 _aबेंडबाजा
260 _bसुपर्ण प्रकाशन
_c1983
300 _a145
630 _aबेंडबाजा
730 _aबेंडबाजा
942 _cBOOK
999 _c418075
_d418072